000 00758cam a2200277 4500
001 26052
003 BD-RjUL
005 20211209050950.0
008 140320s1969 enk 001 0 eng
020 _a0340128321
035 _a(BD-RjUL)26122
040 _aDLC
_cDLC
_dDLC
_dBD-RjUL
_beng
041 _aeng
082 0 0 _a944.08
_bGRF 1970
100 1 _aGramont, Sanche De.
_d1932-
_980041
245 1 4 _aThe French; portrait of a people
_c[by] Sanche de Gramont.
250 _arevised ed.
260 _aLondon :
_bHodder,
_cc1969 [1970].
300 _a479 p. ;
_c23 cm.
350 _a7.95
504 _aIncludes index.
651 0 _aFrance
_xCivilization
_y20th century.
_964380
942 _2ddc
_cBK
999 _c26052
_d26052